Reštrukturalizácia Matadoru prináša výsledky

V posledných rokoch prechádzal Matador vnútornou reorganizáciou. Podstatná je zmena štruktúry majetku - firma sa zbavuje aktivít nesúvisiacich s gumárenskou výrobou. Corebiznis. Investície podniku v zahraničí. Zníženie objemu pohľadávok. Strategický plán rozvoja. Investície do vývoja podniku.

Guardado en:
Detalles Bibliográficos
Autor principal: Hrúz, Juraj
Formato: Capítulo de libro
Lenguaje:eslovaco
Materias:
Etiquetas: Agregar Etiqueta
Sin Etiquetas, Sea el primero en etiquetar este registro!

MARC

LEADER 00000naa a2200000 4500
001 r045865
005 20230921114033.6
041 0 |a slo 
044 |a SK 
245 1 0 |a Reštrukturalizácia Matadoru prináša výsledky  |c Juraj Hrúz 
520 |a V posledných rokoch prechádzal Matador vnútornou reorganizáciou. Podstatná je zmena štruktúry majetku - firma sa zbavuje aktivít nesúvisiacich s gumárenskou výrobou. Corebiznis. Investície podniku v zahraničí. Zníženie objemu pohľadávok. Strategický plán rozvoja. Investície do vývoja podniku. 
610 2 0 |a hospodárenie podnikové 
610 2 0 |a reštrukturalizácia 
610 2 0 |a reorganizácia 
610 2 0 |a priemysel gumársky 
610 2 0 |a investície v zahraničí 
610 2 0 |a pohľadávky 
610 2 0 |a plán strategický 
610 2 0 |a investície 
610 2 0 |a vývoj 
610 2 0 |a Matador, a.s. Púchov 
100 1 |a Hrúz, Juraj